00632nam a2200169Ia 4500008004100000020001500041041000800056082001700064100002300081245015700104250000600261260003700267300001200304650001200316999001900328952011500347210716s1991 xx 000 0 und d a0671701010 aeng a332.042 GIVC aGivens, Charles J. aMore wealth without risk: how to develop a personal forture without going out on a limb.bHow to develop a personal forture without going out on a limb. a1 aNew YorkbSimon & Schusterc1991 axxi,599 aFinance c202472d202472 00102ddc40738MBAaAIMITbAIMITd2008-04-10l0o332.042 GIVCpMBA05038r2025-07-21 00:00:00w2021-07-16yBK